000 00825nas a2200277 454500
001 IICA0600396
003 BR-BrBNA
005 20260323111519.0
007 ta
008 260323b bl.|||p| |||| 00| 00por d
040 _aBR-BrBNA
_bpor
_cBiblioteca Nacional de Agricultura
041 _a(Es)
072 _aL72
100 1 _a[Anon]
245 1 _aBiologia y combate del torsalo ou nuche, Dermatobia hominis (L.Jr.)
_bresena bibliografica
300 _av. 2 (2) p. 61-65
650 _aMOSCA
650 _aDERMATOBIA HOMINIS
650 _aDISTRIBUICAO GEOGRAFICA
650 _aEPIDEMIOLOGIA
650 _aCICLO DE VIDA
650 _aCONTROLE INTEGRADO
773 0 _tTURRIALBA (IICA)
_X0041-4360
_g(Apr-Jun 1952), v. 2 (2) p. 61-65
_wIICA0600396
909 _a202603
_bLúcia
_c55
_dLúcia Elande
942 _2IICA
_n0
_cANA
999 _c340647
_d340647